[Event "DVM U14 2014"]
[Site "Regensburg GER"]
[Date "2014.12.29"]
[Round "6"]
[White "Hesse, Henrik"]
[Black "Keyser, Robin"]
[Result "1-0"]
[Termination "normal"]
[Board "3.2"]
[WhiteElo "1704"]
[BlackElo "1752"]
[WhiteTeam "Treptower SV 1949"]
[BlackTeam "SK Johanneum Eppendorf"]
[PlyCount "107"]
[WhiteFideId "12952060"]
[BlackFideId "12986429"]
[EventCountry "GER"]
[EventRounds "7"]
[EventType "team-swiss"]
[EventDate "2014.12.26"]

1. c4 {[%emt 0:00:00]} Nf6 {[%emt 0:00:00]} 2. Nc3 c5 3. e3 d5 4. d4 cxd4 5.
exd4 Nc6 6. Nf3 g6 7. Bg5 Be6 8. Bxf6 exf6 9. Qb3 Bb4 10. a3 dxc4 11. Bxc4 Bxc4
12. Qxc4 Qe7+ 13. Qe2 Qxe2+ 14. Kxe2 Bxc3 15. bxc3 Na5 16. Rhe1 Kd7 17. Nd2
Rac8 18. Kd3 Rc6 19. c4 Rhc8 20. Rec1 f5 21. Rc3 Rd6 22. f4 b6 23. Nf3 f6 24.
Rb1 Nb7 25. Kc2 Na5 $11 26. Kd3 Nb7 27. Kc2 Na5 $11 28. Rb4 Nc6 29. Ra4 Nxd4+
30. Nxd4 Rxd4 31. Rxa7+ Kd6 32. Ra4 Kc5 33. Rb4 Rxf4 34. Rb5+ Kc6 35. Rb4 Rf2+
36. Kb1 Rxg2 37. Rcb3 $11 Kc5 38. Rb5+ Kd4 39. Rxb6 Re8 40. Ka1 Re1+ 41. Rb1
Ree2 42. Rd1+ Kxc4 43. Rc6+ Kb5 44. Rcd6 Re5 45. Rd8 Rg4 46. Rb1+ Kc6 47. Rc1+
Kb7 48. Rd7+ Kb6 49. Rd6+ Kb5 50. Rd8 Ka4 51. Rb1 Kxa3 52. Ra8+ Ra4 53. Rab8
Re3 54. R8b2 1-0

[Event "DVM U14 2014"]
[Site "Regensburg GER"]
[Date "2014.12.29"]
[Round "6"]
[White "Keyser, Philipp"]
[Black "Petersen, Marcel"]
[Result "1/2-1/2"]
[Termination "normal"]
[Board "3.3"]
[WhiteElo "1643"]
[BlackElo "1580"]
[WhiteTeam "SK Johanneum Eppendorf"]
[BlackTeam "Treptower SV 1949"]
[PlyCount "90"]
[WhiteFideId "12986437"]
[BlackFideId "12935670"]
[EventCountry "GER"]
[EventRounds "7"]
[EventType "team-swiss"]
[EventDate "2014.12.26"]

1. e4 {[%emt 0:00:00]} c5 2. Nf3 d6 3. d4 cxd4 4. Nxd4 Nf6 5. Nc3 g6 6. Be3 Bg7
7. f3 Bd7 8. Qd2 Nc6 9. O-O-O O-O 10. Nd5 Rc8 11. Nxc6 Bxc6 12. Nxf6+ Bxf6 13.
Bd4 Bxd4 14. Qxd4 Qa5 15. Kb1 Ba4 16. Bd3 Rfd8 17. g4 d5 18. e5 Be8 19. h4 Qc5
20. Qxc5 Rxc5 21. g5 e6 22. Rh2 Bb5 23. Bxb5 Rxb5 24. Rd4 Rc5 25. c3 Rdc8 26.
Rc2 Rc4 27. a3 Kf8 28. Rcd2 Ke7 29. Rxc4 Rxc4 30. Rd4 b5 31. Rxc4 dxc4 32. Kc2
Kd7 33. Kd2 Kc6 34. Ke3 Kd5 35. f4 $11 a5 36. Kf3 Kc5 37. Ke3 b4 38. axb4+ axb4
39. Ke4 bxc3 40. bxc3 Kc6 41. Ke3 $11 Kb6 42. Kd2 Kb5 43. Kc1 Kb6 44. Kb2 Kc6
45. Ka3 Kb5 1/2-1/2

[Event "DVM U14 2014"]
[Site "Regensburg GER"]
[Date "2014.12.29"]
[Round "6"]
[White "Stockter, Jasper Enno"]
[Black "Neumann, Oskar"]
[Result "0-1"]
[Termination "normal"]
[Board "3.4"]
[WhiteElo "1448"]
[BlackElo "1457"]
[WhiteTeam "Treptower SV 1949"]
[BlackTeam "SK Johanneum Eppendorf"]
[PlyCount "116"]
[WhiteFideId "12957291"]
[BlackFideId "12974218"]
[EventCountry "GER"]
[EventRounds "7"]
[EventType "team-swiss"]
[EventDate "2014.12.26"]

1. e4 c5 2. Nf3 e6 3. d4 cxd4 4. Nxd4 a6 5. Nc3 Qc7 6. Be3 Nf6 7. a3 b5 8. Be2
Bb7 9. Qd3 d6 10. O-O Nbd7 11. f3 Ne5 12. Qd2 Nc4 13. Bxc4 Qxc4 14. Nde2 Be7
15. Rad1 O-O 16. Qe1 Qc7 17. Qg3 Kh8 18. Kh1 Rac8 19. Rd2 Rfd8 20. Rfd1 Bf8 21.
Qf2 Qb8 22. Ng3 d5 23. exd5 Nxd5 24. Nxd5 Bxd5 25. c3 Bd6 26. Rd4 Bc5 27. R4d2
Qa7 28. Bxc5 Qxc5 29. Qxc5 Rxc5 30. Ne4 Rc7 31. h3 h6 32. Kg1 Kg8 33. Kf2 Kf8
34. g4 Ke7 35. Rd4 Rdc8 36. Ke3 Rc4 37. Rxc4 Rxc4 38. Rd4 Rxd4 39. Kxd4 Bxe4
40. fxe4 Kd6 41. e5+ Kc6 42. c4 bxc4 43. Kxc4 f6 44. Kd4 Kb5 45. b3 a5 46. h4
a4 47. b4 Kb6 48. Ke4 Kc6 49. Kf4 Kd5 50. exf6 gxf6 51. g5 e5+ 52. Kf5 fxg5 53.
hxg5 hxg5 54. Kxg5 e4 55. Kf4 Kd4 56. Kg3 Kd3 57. Kg2 e3 58. b5 e2 0-1

[Event "DVM U14 2014"]
[Site "Regensburg GER"]
[Date "2014.12.29"]
[Round "6"]
[White "Wendler, David"]
[Black "Färber, David"]
[Result "1/2-1/2"]
[Termination "normal"]
[Board "4.1"]
[WhiteElo "1776"]
[BlackElo "1770"]
[WhiteTeam "SK Bebenhausen"]
[BlackTeam "SV 1947 Walldorf"]
[PlyCount "46"]
[WhiteFideId "12938360"]
[BlackFideId "12971294"]
[EventCountry "GER"]
[EventRounds "7"]
[EventType "team-swiss"]
[EventDate "2014.12.26"]

1. e4 {[%emt 0:00:00]} c6 2. d4 d5 3. exd5 cxd5 4. c4 Nf6 5. Nc3 e6 6. Bg5 Be7
7. Nf3 O-O 8. Be2 Nc6 9. O-O dxc4 10. Bxc4 a6 11. Qd2 Qc7 12. Rad1 Rd8 13. Qe2
b5 14. Bb3 Nb4 15. Rc1 Qd6 16. Rfd1 Bb7 17. Ne5 Nbd5 18. Bxf6 Bxf6 19. Ne4 Qe7
20. Qg4 Rac8 21. Rxc8 Rxc8 22. a4 Rd8 23. axb5 axb5 1/2-1/2

[Event "DVM U14 2014"]
[Site "Regensburg GER"]
[Date "2014.12.29"]
[Round "6"]
[White "Hartmann, Cora"]
[Black "Grimm, Ling Leander"]
[Result "1-0"]
[Termination "normal"]
[Board "4.2"]
[WhiteElo "1484"]
[BlackElo "1668"]
[WhiteTeam "SV 1947 Walldorf"]
[BlackTeam "SK Bebenhausen"]
[PlyCount "61"]
[WhiteFideId "16200764"]
[BlackFideId "12968277"]
[EventCountry "GER"]
[EventRounds "7"]
[EventType "team-swiss"]
[EventDate "2014.12.26"]

1. e4 c5 2. Nf3 Nc6 3. d3 g6 4. g3 Bg7 5. Bg2 d6 6. O-O Nf6 7. Nc3 O-O 8. Bd2
Rb8 9. Rb1 Bd7 10. Re1 Bg4 11. Ne2 Qc8 12. c3 c4 13. Bg5 cxd3 14. Qxd3 Bxf3 15.
Qxf3 Ne5 16. Qe3 a6 17. Nd4 Nfg4 18. Bh3 Nxe3 19. Bxc8 Nc2 20. Nxc2 Nf3+ 21.
Kg2 Nxe1+ 22. Rxe1 f6 23. Be6+ Kh8 24. Be3 b5 25. Nb4 a5 26. Nc6 Ra8 27. Nxe7
Rfe8 28. Bd5 Ra6 29. Nc6 Rc8 30. Nd4 b4 31. Bb7 1-0

[Event "DVM U14 2014"]
[Site "Regensburg GER"]
[Date "2014.12.29"]
[Round "6"]
[White "Freiherr von Hauff, Christopher V"]
[Black "Baureis, Julian"]
[Result "1-0"]
[Termination "normal"]
[Board "4.3"]
[WhiteElo "1488"]
[BlackElo "1358"]
[WhiteTeam "SK Bebenhausen"]
[BlackTeam "SV 1947 Walldorf"]
[PlyCount "73"]
[WhiteFideId "16200691"]
[BlackFideId "12991112"]
[EventCountry "GER"]
[EventRounds "7"]
[EventType "team-swiss"]
[EventDate "2014.12.26"]

1. e4 c5 2. c3 d5 3. exd5 Qxd5 4. d4 cxd4 5. cxd4 Nc6 6. Nf3 e6 7. Nc3 Qd8 8.
Bb5 Bd7 9. Bf4 Nf6 10. O-O a6 11. Ba4 Bb4 12. Bg5 Be7 13. Qe2 O-O 14. Rad1 Nb4
15. Bb3 Re8 16. Rd2 Qb6 17. a3 Nc6 18. Bc2 Rad8 19. Ne4 Nd5 20. Bxe7 Ndxe7 21.
Nd6 Rf8 22. Rfd1 Ng6 23. h4 f5 24. Ng5 Rf6 25. b4 Nxb4 26. Nc4 Qc7 27. axb4 Nf4
28. Qe5 Qxc4 29. Qxf4 Bc6 30. Qe5 h6 31. Nh3 Rg6 32. Nf4 Rf6 33. Bb1 Bd5 34.
Ba2 Qxb4 35. Bxd5 exd5 36. Nxd5 Rfd6 37. Nxb4 1-0

[Event "DVM U14 2014"]
[Site "Regensburg GER"]
[Date "2014.12.29"]
[Round "6"]
[White "Brede, Robert"]
[Black "De Rentiis, Davide Luca"]
[Result "1/2-1/2"]
[Termination "normal"]
[Board "4.4"]
[WhiteElo "1294"]
[BlackElo "1226"]
[WhiteTeam "SV 1947 Walldorf"]
[BlackTeam "SK Bebenhausen"]
[PlyCount "107"]
[WhiteFideId "12971405"]
[BlackFideId "12967050"]
[EventCountry "GER"]
[EventRounds "7"]
[EventType "team-swiss"]
[EventDate "2014.12.26"]

1. c4 {[%emt 0:00:00]} f5 2. Nc3 Nf6 3. b3 g6 4. Bb2 Bg7 5. Nd5 O-O 6. Nxf6+
Bxf6 7. Bxf6 Rxf6 8. Nf3 d6 9. d4 e6 10. h4 Rf7 11. Qd2 Qf6 12. Rd1 Nd7 13. h5
Nf8 14. g3 e5 15. dxe5 dxe5 16. Qd8 Qxd8 17. Rxd8 Re7 18. Nh4 Re6 19. Bg2 e4
20. f3 Rd6 21. Rxd6 cxd6 22. hxg6 hxg6 23. fxe4 fxe4 24. Bxe4 Kg7 25. Rf1 Bh3
26. Rh1 Bc8 27. Rh2 Rb8 28. e3 Bg4 29. Rd2 Re8 30. Rd4 g5 31. Nf5+ Bxf5 32.
Bxf5 Rxe3+ 33. Kf2 Re5 34. Bc8 b5 35. Rxd6 bxc4 36. bxc4 Rc5 37. Ba6 Ra5 38.
Kf3 Rxa2 39. Kg4 Ra5 40. Bb5 Ra3 41. c5 Ra5 42. Ba6 Rxc5 43. Kh5 Re5 44. g4 Re6
45. Rxe6 Nxe6 46. Bc4 Kf6 47. Bxe6 Kxe6 48. Kxg5 Kf7 49. Kf5 Kg7 50. Ke5 Kg6
51. Kd5 Kg5 52. Kc5 Kxg4 53. Kb5 a5 54. Kxa5 1/2-1/2

[Event "DVM U14 2014"]
[Site "Regensburg GER"]
[Date "2014.12.29"]
[Round "6"]
[White "Dechant, Georg"]
[Black "Haas, Maximilian"]
[Result "1/2-1/2"]
[Termination "normal"]
[Board "5.2"]
[WhiteElo "1759"]
[BlackElo "1708"]
[WhiteTeam "SC Bavaria Regensburg"]
[BlackTeam "SC Erlangen"]
[PlyCount "48"]
[WhiteFideId "12956716"]
[BlackFideId "12959219"]
[EventCountry "GER"]
[EventRounds "7"]
[EventType "team-swiss"]
[EventDate "2014.12.26"]

1. e4 e6 2. d4 d5 3. e5 c5 4. c3 Nc6 5. Nf3 Qb6 6. a3 cxd4 7. cxd4 Nge7 8. b4
a6 9. Bd3 Bd7 10. Be3 Rc8 11. O-O Na7 12. Re1 Nec6 13. Ng5 Be7 14. Qg4 h6 15.
Nf3 Kf8 16. Nbd2 Nb5 17. Nf1 h5 18. Qf4 Kg8 19. Ng3 Qd8 20. Ne2 Nxa3 21. Rxa3
Nxb4 22. Rb1 a5 23. Ng5 Qe8 24. h4 Rh6 1/2-1/2

[Event "DVM U14 2014"]
[Site "Regensburg GER"]
[Date "2014.12.29"]
[Round "6"]
[White "Sammet, Dominik"]
[Black "Grüninger, Maxim"]
[Result "1-0"]
[Termination "normal"]
[Board "5.4"]
[WhiteElo "1551"]
[BlackElo "1604"]
[WhiteTeam "SC Bavaria Regensburg"]
[BlackTeam "SC Erlangen"]
[PlyCount "51"]
[WhiteFideId "12987875"]
[BlackFideId "12942960"]
[EventCountry "GER"]
[EventRounds "7"]
[EventType "team-swiss"]
[EventDate "2014.12.26"]

1. e4 c5 2. Nf3 Nc6 3. d4 cxd4 4. Nxd4 g6 5. Nc3 Bg7 6. Be3 Nf6 7. f3 O-O 8.
Qd2 d6 9. Bc4 Bd7 10. O-O-O Rc8 11. Bb3 a6 12. h4 b5 13. g4 b4 14. Nce2 a5 15.
h5 a4 16. Bd5 Nxd4 17. Nxd4 e6 18. hxg6 exd5 19. gxh7+ Nxh7 20. Qh2 Re8 21.
Qxh7+ Kf8 22. Bh6 Bxh6+ 23. Qxh6+ Ke7 24. Qg5+ f6 25. Rh7+ Kf8 26. Qg7# 1-0

[Event "DVM U14 2014"]
[Site "Regensburg GER"]
[Date "2014.12.29"]
[Round "6"]
[White "Hofmann, Rares"]
[Black "Linnert, Niklas"]
[Result "1/2-1/2"]
[Termination "normal"]
[Board "6.1"]
[WhiteElo "2039"]
[BlackElo "1541"]
[WhiteTeam "TuS Coswig 1920"]
[BlackTeam "SK König Plauen"]
[PlyCount "115"]
[WhiteFideId "12976440"]
[BlackFideId "12974781"]
[EventCountry "GER"]
[EventRounds "7"]
[EventType "team-swiss"]
[EventDate "2014.12.26"]

1. e4 {[%emt 0:00:00]} c5 2. Nf3 e6 3. d4 cxd4 4. Nxd4 Nf6 5. Nc3 Nc6 6. Nxc6
bxc6 7. Bd3 Be7 8. Qe2 d6 9. O-O O-O 10. Kh1 Qc7 11. f4 e5 12. f5 d5 13. g4
dxe4 14. Nxe4 Nxe4 15. Bxe4 Bb7 16. Qg2 Rab8 17. f6 Bxf6 18. Qh3 h5 19. Qxh5 g6
20. Qh3 Bg7 21. Qg2 c5 22. b3 Bxe4 23. Qxe4 Qb7 24. Qxb7 Rxb7 25. Ba3 Rc8 26.
c4 e4 27. Rae1 Re7 28. Re2 Bd4 29. Rfe1 f5 30. Bb2 Rd8 31. Bc1 Rde8 32. Kg2 Kf7
33. Kg3 Kf6 34. g5+ $11 Kf7 35. Bf4 Rd7 36. Rd2 Red8 37. Rde2 Ke6 38. Rc1 Be5
39. Rce1 Rd3+ 40. Re3 Rxe3+ 41. Rxe3 Bxf4+ 42. Kxf4 Rd2 43. Rh3 Rxa2 44. Rh6
Kf7 45. Rh7+ Kg8 46. Rc7 Rxh2 47. Rxc5 Rf2+ 48. Ke5 Rd2 49. Rc8+ Kf7 50. Rc7+
Kf8 51. Rxa7 Rd8 52. Ra2 Rb8 53. Rb2 e3 54. Kd4 f4 55. Ke4 Re8+ 56. Kf3 Re7 57.
Re2 Rf7 58. Ra2 1/2-1/2

[Event "DVM U14 2014"]
[Site "Regensburg GER"]
[Date "2014.12.29"]
[Round "6"]
[White "Graf, Lucas"]
[Black "Kunath, Tim"]
[Result "0-1"]
[Termination "normal"]
[Board "6.2"]
[WhiteElo "1523"]
[BlackElo "1699"]
[WhiteTeam "SK König Plauen"]
[BlackTeam "TuS Coswig 1920"]
[PlyCount "60"]
[WhiteFideId "12974889"]
[BlackFideId "12985074"]
[EventCountry "GER"]
[EventRounds "7"]
[EventType "team-swiss"]
[EventDate "2014.12.26"]

1. e4 d5 2. exd5 Nf6 3. d4 Nxd5 4. Bc4 c6 5. Ne2 Bf5 6. a3 e6 7. Nbc3 Bd6 8. f3
Nxc3 9. bxc3 Nd7 10. O-O O-O 11. Be3 c5 12. Bf2 Qc7 13. Bg3 Bxg3 14. Nxg3 cxd4
15. Nxf5 Qxc4 16. Nxd4 Nb6 17. Qe1 Rac8 18. Ne2 Nd5 19. Rb1 b6 20. Rb3 Ne3 21.
Rb4 Qc5 22. Qc1 Nxc2+ 23. Kh1 Nxb4 24. axb4 Qc4 25. Qe3 h6 26. Rc1 Rfd8 27. Nf4
Qxc3 28. Rxc3 Rd1+ 29. Qg1 Rxg1+ 30. Kxg1 Rxc3 0-1

[Event "DVM U14 2014"]
[Site "Regensburg GER"]
[Date "2014.12.29"]
[Round "6"]
[White "Lehne, Arwin Hugo"]
[Black "Nguyen Dang, Lukas"]
[Result "1/2-1/2"]
[Termination "normal"]
[Board "6.3"]
[WhiteElo "1454"]
[BlackElo "1582"]
[WhiteTeam "TuS Coswig 1920"]
[BlackTeam "SK König Plauen"]
[PlyCount "109"]
[WhiteFideId "12985090"]
[BlackFideId "12957135"]
[EventCountry "GER"]
[EventRounds "7"]
[EventType "team-swiss"]
[EventDate "2014.12.26"]

1. d4 Nf6 2. Nf3 d6 3. Bg5 Nbd7 4. e3 g6 5. Bd3 Bg7 6. O-O O-O 7. Nbd2 c5 8. c3
b6 9. Rc1 Bb7 10. Re1 h6 11. Bh4 Rc8 12. Qa4 Qc7 13. Bxf6 Nxf6 14. Nc4 a6 15.
Ncd2 b5 16. Qd1 c4 17. Bb1 e5 18. h3 e4 19. Nh2 d5 20. Ng4 Nd7 21. f3 f5 22.
Nf2 Bf6 23. f4 Kh7 24. Kh2 g5 25. g3 gxf4 26. gxf4 Bh4 27. Qe2 Rg8 28. Rg1 Nf6
29. Nh1 Qf7 30. Rxg8 Rxg8 31. Rg1 Bc6 32. Rxg8 Qxg8 33. Bc2 Be8 34. Bd1 Bh5 35.
Qf1 Qg6 36. Be2 a5 37. a3 a4 38. Qd1 Bxe2 39. Qxe2 Nh5 40. Nf1 Kg7 41. Qg2
Qxg2+ 42. Kxg2 Be1 43. Kh2 Kg6 44. Nhg3 Nxg3 45. Nxg3 Bd2 46. Ne2 Bxe3 47. Kg2
Kh5 48. Kh2 Kh4 49. Kg2 Kh5 50. Kh2 Kg6 51. Kg2 h5 52. Kf1 h4 53. Kg2 Kf6 54.
Kf1 Ke6 55. Kg2 1/2-1/2

[Event "DVM U14 2014"]
[Site "Regensburg GER"]
[Date "2014.12.29"]
[Round "6"]
[White "Burian, Simon"]
[Black "von Koslowski, Wilhelm"]
[Result "1/2-1/2"]
[Termination "normal"]
[Board "6.4"]
[WhiteElo "1769"]
[BlackElo "1394"]
[WhiteTeam "SK König Plauen"]
[BlackTeam "TuS Coswig 1920"]
[PlyCount "57"]
[WhiteFideId "12956902"]
[BlackFideId "12985147"]
[EventCountry "GER"]
[EventRounds "7"]
[EventType "team-swiss"]
[EventDate "2014.12.26"]

1. e4 d5 2. exd5 Qxd5 3. Nc3 Qa5 4. d4 c6 5. Bc4 Nf6 6. Bd2 Bf5 7. f3 e6 8. Bb3
Bb4 9. Nge2 O-O 10. g4 Bg6 11. a3 Bxc3 12. Nxc3 Qc7 13. Qe2 Nbd7 14. O-O-O b5
15. h4 h5 16. gxh5 Bxh5 17. Rhg1 a5 18. Qg2 g6 19. Ne2 c5 20. Nf4 c4 21. Ba2 b4
22. Nxh5 Nxh5 23. Qg5 Ndf6 24. Qc5 Qxc5 25. dxc5 c3 26. bxc3 bxa3 27. c4 Rfe8
28. Rg5 Ng7 29. Bc3 1/2-1/2

[Event "DVM U14 2014"]
[Site "Regensburg GER"]
[Date "2014.12.29"]
[Round "6"]
[White "Walk, Maximilian"]
[Black "Herrmann, Luca"]
[Result "1/2-1/2"]
[Termination "normal"]
[Board "7.1"]
[WhiteElo "1413"]
[BlackElo "1554"]
[WhiteTeam "Frankfurter TV 1860"]
[BlackTeam "SC Tarrasch München"]
[PlyCount "64"]
[WhiteFideId "16200810"]
[BlackFideId "2811834"]
[EventCountry "GER"]
[EventRounds "7"]
[EventType "team-swiss"]
[EventDate "2014.12.26"]

1. e4 c5 2. Nf3 d6 3. d4 cxd4 4. Nxd4 Nf6 5. Nc3 g6 6. Be2 Bg7 7. O-O O-O 8.
Bg5 Nc6 9. Nb3 a6 10. f4 b5 11. Bf3 Bb7 12. Nd5 Nd7 13. c3 Re8 14. Qd2 Nb6 15.
Qf2 Nxd5 16. exd5 Na5 17. Nd4 Rc8 18. f5 h6 19. Bh4 g5 20. Bg3 Nc4 21. Be4 Bxd4
22. cxd4 f6 23. Qe2 Kg7 24. Rfe1 Qd7 25. Qh5 Rh8 26. Qg6+ Kf8 27. Re2 Qe8 28.
Rae1 Qxg6 29. fxg6 Rg8 30. Bf5 Rc7 31. b3 Nb6 32. g7+ Rxg7 *

[Event "DVM U14 2014"]
[Site "Regensburg GER"]
[Date "2014.12.29"]
[Round "6"]
[White "Klenk, Sofie"]
[Black "Tessier, Leo"]
[Result "1-0"]
[Termination "normal"]
[Board "7.2"]
[WhiteElo "1817"]
[BlackElo "1346"]
[WhiteTeam "SC Tarrasch München"]
[BlackTeam "Frankfurter TV 1860"]
[PlyCount "69"]
[WhiteFideId "12996653"]
[BlackFideId "36034487"]
[EventCountry "GER"]
[EventRounds "7"]
[EventType "team-swiss"]
[EventDate "2014.12.26"]

1. e4 e5 2. Nf3 Nc6 3. Bb5 a6 4. Ba4 Nf6 5. O-O Bc5 6. Nc3 d6 7. Bxc6+ bxc6 8.
d4 exd4 9. Nxd4 O-O 10. Bg5 Bxd4 11. Qxd4 c5 12. Qd3 Re8 13. Nd5 Bb7 14. Bxf6
gxf6 15. Rfe1 Re5 16. Re3 Kh8 17. Rf3 Qe8 18. Kf1 Qe6 19. Nxc7 Bxe4 20. Nxe6
Bxd3+ 21. Rxd3 Rxe6 22. Re1 Rb8 23. b3 Rd8 24. Rd5 Kg7 25. Red1 Kf8 26. Rxc5
Ke7 27. Rc7+ Rd7 28. Rxd7+ Kxd7 29. Rd5 Re5 30. Rxe5 fxe5 31. Ke2 Kc6 32. Ke3
Kc5 33. Ke4 h6 34. c3 h5 35. b4+ 1-0

[Event "DVM U14 2014"]
[Site "Regensburg GER"]
[Date "2014.12.29"]
[Round "6"]
[White "Stankoski, Aleksandr"]
[Black "Joebges, Nico"]
[Result "1-0"]
[Termination "normal"]
[Board "7.3"]
[WhiteElo "1197"]
[BlackElo "1573"]
[WhiteTeam "Frankfurter TV 1860"]
[BlackTeam "SC Tarrasch München"]
[PlyCount "76"]
[WhiteFideId "16200829"]
[BlackFideId "12992291"]
[EventCountry "GER"]
[EventRounds "7"]
[EventType "team-swiss"]
[EventDate "2014.12.26"]

1. e4 e5 2. Nf3 Nc6 3. Bc4 Bc5 4. d3 Nf6 5. Bg5 h6 6. Bh4 g5 7. Bg3 d6 8. h3
Be6 9. Bb3 Qd7 10. Nc3 O-O-O 11. Qe2 Rdg8 12. O-O-O g4 13. Bxe6 Qxe6 14. hxg4
Nxg4 15. Nd5 Nb4 16. Nxb4 Bxb4 17. c3 Ba5 18. Kb1 Bb6 19. d4 exd4 20. cxd4 f5
21. e5 f4 22. Bh4 Re8 23. Rhe1 Ba5 24. d5 Qf5+ 25. Qe4 Qxe4+ 26. Rxe4 dxe5 27.
Re2 Bb6 28. Rde1 Ba5 29. Rc1 Rh7 30. Rc4 Rf7 31. g3 Rd7 32. gxf4 Rxd5 33. Rce4
Rf8 34. Nxe5 Nxe5 35. fxe5 Kd7 36. e6+ Ke8 37. f4 Rff5 38. e7 Rf7 1-0

[Event "DVM U14 2014"]
[Site "Regensburg GER"]
[Date "2014.12.29"]
[Round "6"]
[White "Joebges, Julia"]
[Black "Tessier, Sarah"]
[Result "1-0"]
[Termination "normal"]
[Board "7.4"]
[WhiteElo "1582"]
[BlackElo "1104"]
[WhiteTeam "SC Tarrasch München"]
[BlackTeam "Frankfurter TV 1860"]
[PlyCount "105"]
[WhiteFideId "12983446"]
[BlackFideId "36034495"]
[EventCountry "GER"]
[EventRounds "7"]
[EventType "team-swiss"]
[EventDate "2014.12.26"]

1. e4 {[%emt 0:00:00]} c5 2. Nf3 Nc6 3. Bb5 Nf6 4. Bxc6 bxc6 5. d3 d6 6. Bg5 e5
7. O-O Bg4 8. Nbd2 Be7 9. c3 d5 10. Qa4 O-O 11. Nxe5 Qc7 12. Bxf6 Bxf6 13. Nxg4
Qf4 14. Ne3 Qd6 15. Nb3 Rfe8 16. Nf5 Qc7 17. Nxc5 Be5 18. g3 Qb6 19. Nb3 Rad8
20. exd5 cxd5 21. d4 Bf6 22. Rfe1 Rxe1+ 23. Rxe1 h6 24. Re8+ Kh7 25. Rxd8 Bxd8
26. Ne3 Qe6 27. Qxa7 Bf6 28. Qc5 Qa6 29. Qxd5 Qxa2 30. Qe4+ Kh8 31. Qc2 Qa8 32.
c4 Qd8 33. d5 Qc7 34. c5 Be5 35. d6 Qb7 36. Qd3 Bxb2 37. d7 Bf6 38. d8=R+ Bxd8
39. Qxd8+ Kh7 40. Qd5 Qc7 41. c6 Qb6 42. Qd7 Qxb3 43. c7 Qb1+ 44. Nf1 Qb7 45.
c8=Q Qxc8 46. Qxc8 g6 47. Ne3 Kg7 48. Qd7 Kg8 49. Ng4 Kg7 50. Qe7 h5 51. Ne5
Kh6 52. Qxf7 Kg5 53. Qxg6# 1-0

[Event "DVM U14 2014"]
[Site "Regensburg GER"]
[Date "2014.12.29"]
[Round "6"]
[White "Roos, Jonas"]
[Black "Qiu, Oliver"]
[Result "1-0"]
[Termination "normal"]
[Board "8.1"]
[WhiteElo "1736"]
[BlackElo "1405"]
[WhiteTeam "SC Porta Westfalica"]
[BlackTeam "Gütersloher SV"]
[PlyCount "47"]
[WhiteFideId "16200721"]
[BlackFideId "16200713"]
[EventCountry "GER"]
[EventRounds "7"]
[EventType "team-swiss"]
[EventDate "2014.12.26"]

1. e4 e5 2. Nf3 Nc6 3. Bc4 Bc5 4. c3 Bb6 5. O-O Nf6 6. Re1 O-O 7. d4 exd4 8. e5
Ng4 9. cxd4 d5 10. Bb3 Re8 11. h3 Nh6 12. Bxh6 gxh6 13. Nc3 Be6 14. Qd2 Kh8 15.
Qxh6 Rg8 16. Bc2 Rg7 17. Ne2 Qf8 18. Kh1 Qg8 19. Qf6 Rf8 20. Ng5 Bxd4 21. Nxd4
Nxd4 22. Bxh7 Qxh7 23. Nxh7 Kxh7 24. Qh4+ 1-0

[Event "DVM U14 2014"]
[Site "Regensburg GER"]
[Date "2014.12.29"]
[Round "6"]
[White "Kandler, Philipp"]
[Black "Gomolinsky, Phil"]
[Result "0-1"]
[Termination "normal"]
[Board "8.2"]
[WhiteElo "1353"]
[BlackElo "1527"]
[WhiteTeam "Gütersloher SV"]
[BlackTeam "SC Porta Westfalica"]
[PlyCount "168"]
[WhiteFideId "16200772"]
[BlackFideId "16200730"]
[EventCountry "GER"]
[EventRounds "7"]
[EventType "team-swiss"]
[EventDate "2014.12.26"]

1. e4 c5 2. Nf3 Nc6 3. d4 cxd4 4. Nxd4 g6 5. Nc3 Bg7 6. Be3 Nf6 7. Bc4 O-O 8.
Bb3 d6 9. h3 Bd7 10. Qd2 Qa5 11. f3 Rfc8 12. O-O-O Ne5 13. Bh6 Bh8 14. Nd5
Qxd2+ 15. Rxd2 Nxd5 16. Bxd5 Bc6 17. Nxc6 bxc6 18. Bb3 Rcb8 19. c3 Rb7 20. Be3
a5 21. Ba4 Rc8 22. b3 Bf6 23. c4 Nd7 24. Rc2 Nb6 25. Bxb6 Rxb6 26. c5 Rb7 27.
cxd6 exd6 28. Kd2 Rbc7 29. Ke2 d5 30. Ke3 d4+ 31. Kd3 Be5 32. Rc4 c5 33. Rhc1
Bd6 34. a3 Rb8 35. e5 Be7 36. b4 axb4 37. axb4 Ra7 38. b5 Rba8 39. Ra1 Ra5 40.
Ra2 Rxb5 41. Bxb5 Rxa2 42. g3 Ra3+ 43. Ke4 Re3+ 44. Kf4 g5+ 45. Kg4 Rxe5 46. f4
gxf4 47. Kxf4 Bd6 48. Kf3 Re3+ 49. Kg2 Rxg3+ 50. Kf2 Rxh3 51. Bd7 Re3 52. Ra4
h5 53. Ra8+ Kg7 54. Ra6 Bg3+ 55. Kg2 h4 56. Rc6 Re5 57. Kf3 d3 58. Rd6 c4 59.
Rd4 Re1 60. Rxc4 d2 61. Ba4 d1=Q+ 62. Bxd1 Rxd1 63. Kg4 Kg6 64. Rc3 f5+ 65. Kf3
Kg5 66. Rc5 Ra1 67. Rd5 Ra3+ 68. Kg2 Kg4 69. Rd4+ f4 70. Kf1 h3 71. Rd1 Re3 72.
Rc1 Re1+ 73. Rxe1 Bxe1 74. Kg1 Kg3 75. Kh1 f3 76. Kg1 f2+ 77. Kf1 h2 78. Ke2
h1=Q 79. Kd1 Qd5+ 80. Ke2 f1=Q+ 81. Kxf1 Qg2+ 82. Kxe1 Kf3 83. Kd1 Qb2 84. Ke1
Qc1# 0-1

[Event "DVM U14 2014"]
[Site "Regensburg GER"]
[Date "2014.12.29"]
[Round "6"]
[White "Liebelt, Jonas"]
[Black "Fortenbacher, Dominic"]
[Result "1/2-1/2"]
[Termination "normal"]
[Board "8.3"]
[WhiteElo "1326"]
[BlackElo "1484"]
[WhiteTeam "SC Porta Westfalica"]
[BlackTeam "Gütersloher SV"]
[PlyCount "83"]
[WhiteFideId "16200748"]
[BlackFideId "16200780"]
[EventCountry "GER"]
[EventRounds "7"]
[EventType "team-swiss"]
[EventDate "2014.12.26"]

1. e4 e5 2. Nf3 Nc6 3. Bb5 a6 4. Ba4 b5 5. Bb3 Bc5 6. O-O Nf6 7. Re1 O-O 8. c3
d6 9. d4 exd4 10. cxd4 Bb4 11. Bd2 Bxd2 12. Nbxd2 h6 13. Nf1 Bg4 14. d5 Ne5 15.
Ng3 Nh7 16. h3 Bxf3 17. gxf3 Ng5 18. Re3 Nxh3+ 19. Kg2 Nf4+ 20. Kg1 Qh4 21. Qf1
Neg6 22. Rc1 Nh3+ 23. Kh2 Nxf2+ 24. Kg2 Nf4+ 25. Kxf2 Qh2+ 26. Ke1 Ng2+ 27. Ke2
Nxe3+ 28. Kxe3 Qxg3 29. Rxc7 Qg5+ 30. Kd3 Rac8 31. Ra7 Ra8 32. Rc7 Rfc8 33. Rd7
Qe5 34. Qg2 Qe8 35. Rxd6 Kh7 36. Kd4 Qe7 37. e5 Re8 38. Bc2+ Kh8 39. f4 f6 40.
Qe4 fxe5+ 41. fxe5 Qa7+ 42. Kd3 1/2-1/2